Anecdotes Quiz #1 - Statistiques

Statistiques générales
  • Ce quiz a été pris 288 fois
  • Le résultat moyen est 7 sur 20
Statistiques - réponses
Anecdotes % Correct
Seulement sept prisonniers étaient retenus dans la {Bastille} lorsque celle-ci a été prise d'assaut durant la Révolution Française.
94%
{Marie} {Curie} fut à la fois la première femme à recevoir un prix Nobel, et la première personne à le recevoir à deux reprises.
91%
Techniquement, le {Sahara} n'est pas le plus grand désert du monde. Les déserts arctique et antarctique sont plus grands.
77%
Dans la légende arthurienne, il n'est pas explicité si {Excalibur} est l'épée enfoncée dans le rocher. Si dans certaines histoires c'est le cas, d'autre racontent qu'elle aurait été donnée par la Dame du Lac à Arthur alors que celui-ci était déjà roi.
63%
Un {palindrome} est un mot ou une phrase dont l'ordre des lettres reste le même qu'on le lise d'un sens ou de l'autre. Par exemple: radar, kayak, été, ici, rêver.
46%
Le Lac {Baïkal} est à la fois le lac le plus profond et le plus vieux du monde.
45%
La petite ville de Llívia a la particularité d’être une commune espagnole entièrement enclavée en France, dans le département des {Pyrénées}-{Orientales}.
40%
La Loi de {Muphry} affirme qu'à chaque fois que l'on critique l'orthographe ou la grammaire de quelqu'un, il y aura une faute d'orthographe ou de grammaire dans ladite critique.
28%
{Hawaï} est le seul État américain à produire et commercialiser du café.
26%
L'année 1900 ne fut pas une année bissextile. Les années divisibles par 100 sont bissextiles seulement si elles sont également divisibles par {400}.
24%
La fumée blanche sortant de la {chapelle} {Sixtine} annonce l'élection d'un nouveau pape. La fumée noire, elle, indique que le nouveau pape n'a pas encore été choisi.
23%
Le chanteur {Patrick} {Bruel} et l'acteur Elie Semoun sont cousins au deuxième degré.
23%
Au Viêt Nam, la Guerre du Viêt Nam est connue sous le nom de Guerre {Américaine}.
19%
Les lieux de la version originale du jeu {Monopoly} ont été inspirés par la ville d'Atlantic City dans le New Jersey.
19%
Les oiseaux-éléphants de {Madagascar} pesaient jusqu'à 500 kg, leurs œufs pouvant peser jusquà 10 kg. Ils furent poussés vers l'extinction par les humains avant 1700.
14%
Le roman Moby Dick débute par ce célèbre incipit: "Appelez-moi {Ismaël}".
11%
Le nom officiel de {Bangkok} est Krung Thep Maha Nakhon.
10%
La syphilis a été appelée "la maladie française" par les Italiens, "la maladie italienne" par les Français et "la maladie {chrétienne}" par les Arabes. En réalité, elle venait probablement du Nouveau Monde.
8%
Le Carnaval de {Limoux}, dans l'Aude, est considéré comme étant le plus long du monde. Il dure entre trois et quatre mois, durant tout l'hiver.
6%
Pluton fut rétrogradée en planète naine en 2006 après la découverte d'{Éris}, un objet transneptunien de plus grande masse.
3%
Aucun quiz correspondant
Distribution des résultats
% des personnes avec chaque résultat
Percentile par nombre de réponses
Votre historique - résultats
Vous n’avez pas pris ce quiz